El proletariado en la revolución nacional /

Guardado en:
Autor Principal: Puiggrós, Rodolfo.
Formato: Libro
Publicado: Buenos Aires : Trafac, 1958
Materias:
Etiquetas: Agregar Etiqueta
Sin Etiquetas, Sea el primero en etiquetar este registro!
LEADER 00578nam a22001815a 4500
001 EHU.bham024591
008 130507s1958##################000#0#####d
005 20221114112837.0
245 1 0 |a El proletariado en la revolución nacional /  |c Rodolfo Puiggrós. 
260 |a Buenos Aires :  |b Trafac,  |c 1958 
300 |a 125 p. 
100 1 |a Puiggrós, Rodolfo. 
082 3 2 |a 329.982 P964-9 
653 |a Colección Lejarraga 
653 |a Política argentina contemporánea 
653 |a Clase obrera 
653 |a Peronismo 
859 |a AR-BHAM  |b BIB. HUMANIDADES - General  |h 329.982  |i P964-9  |p 353.02  |t Ej.1